000 00602nam a22001817a 4500
999 _c167106
_d167106
010 _aENG-126270
020 _c350.00
_a978-81-8206-076-0
035 _aEN-109802
037 _bDBAD/PUB
082 _aS
100 _aMatilal, Phalguni
245 _aTwelve Great Short Stories Form Bengal:
_cTranslated by Phalguni Matilal
_bRabindranath To Samaresh Basu/
260 _aKolkata
_bTOWARDS FREEDOM
_c2018
270 _bKolkata
_mtowardsfreedom@gmail.com
_aAH-202, Sector II, Salt Lake
_e700091
_k9331030579
300 _a272p.
_c21cm(pbk)
_bill
700 _aPhalguni Matilal
942 _2ddc
_cEN
_hS
_mMAT